Statistiques concernant Franchises de Super Rugby selon la ville

Cliquez ici pour prendre le quiz!

Statistiques générales

  • Ce quiz a été pris 36 fois
  • Le résultat moyen est 7 sur 10

Statistiques - réponses

VilleFranchise% Correct
AucklandBlues
97%
HamiltonChiefs
93%
ChristchurchCrusaders
90%
WellingtonHurricanes
86%
BrisbaneReds
72%
CanberraBrumbies
69%
DunedinHighlanders
69%
MelbourneRebels
59%
PerthWestern Force
55%
SydneyWaratahs
52%

Distribution des résultats

Percentile par nombre de réponses

% des personnes avec chaque résultat

Votre développement - résultats

Vous n’avez pas pris ce quiz